banner koha

Fauna de formigas em áreas de preservação permanente de usina hidroelétrica (Registro n. 298582)

MARC details
000 -LÍDER
fixed length control field 04906nab a2200337 i 4500
003 - CÓDIGO MARC DA AGÊNCIA CATALOGADORA
Campo de controle BR-BrBNA
005 - DATA E HORA DA ÚLTIMA ATUALIZAÇÃO
Campo de controle 20240222160544.0
008 - CAMPO DE TAMANHO FIXO
fixed length control field 240222b2018 bl.qr|p|oa||| 00| 0 por |
040 ## - FONTE DA CATALOGAÇÃO
Agência catalogadora BR-BrBNA
Idioma da catalogação por
072 ## - CATEGORIA AGRIS
Código AGRIS L20
Código do objeto 4020
072 ## - CATEGORIA AGRIS
Código AGRIS P01
072 ## - CATEGORIA AGRIS
Código AGRIS K10
100 ## - ENTRADA PRINCIPAL - NOME PESSOAL
Nome pessoal Lutinski, Junir Antônio
100 ## - ENTRADA PRINCIPAL - NOME PESSOAL
Nome pessoal Guarda, Carin
100 ## - ENTRADA PRINCIPAL - NOME PESSOAL
Nome pessoal Lutinski, Cladis Juliana
100 ## - ENTRADA PRINCIPAL - NOME PESSOAL
Nome pessoal Busato, Maria Assunta
100 ## - ENTRADA PRINCIPAL - NOME PESSOAL
Nome pessoal Garcia, Flávio Roberto Mello
245 ## - TÍTULO PRINCIPAL
Título principal Fauna de formigas em áreas de preservação permanente de usina hidroelétrica
500 ## - NOTA GERAL
Nota geral Publicação on-line; 42 ref.; 2 tables; 2 illus.; Summaries (En, Pt)
942 ## - ADDED ENTRY ELEMENTS (KOHA)
Koha item type
520 ## - NOTA DE RESUMO
Nota de conteúdo <br/><br/>RESUMO<br/><br/>Áreas de preservação permanente contribuem para a recuperação de ambientes impactados e Formicidae representa um grupo potencialmente bioindicador, utilizado para descrever a complexidade estrutural de habitat. Assim, neste contexto, este estudo objetivou caracterizar a diversidade das assembleias de formigas que ocorrem em sítios com diferentes históricos de uso do solo na APP do reservatório da UHE Foz do Chapecó, bem como avaliar a similaridade das assembleias de formigas segundo os sítios amostrados. A amostragem foi realizada no mês de janeiro de 2017 em cinco sítios, três em Santa Catarina e dois no Rio Grande do Sul. Foram utilizados pitfall, guarda-chuva entomológico, isca de sardinha, isca de glicose e coleta manual. As assembleias foram caracterizadas e comparadas através da riqueza, abundância, diversidade de Shannon-Weaver (H’), Equitabilidade (J’) e estimativas de riqueza (Chao 1). Ao todo foram amostradas 101 espécies. A média das estimativas indicou que a riqueza pode ser 86,7% maior que a amostrada, enquanto os parâmetros de diversidade indicaram diferenças entre as assembleias. Os índices de diversidade mostraram divergência de 39,7% entre as assembleias com maior e menor diversidade. A riqueza observada neste estudo reitera o potencial de utilização das formigas como bioindicadoras do estado de conservação ambiental, acrescenta informações importantes sobre a riqueza e a ocorrência de formigas para a região e apresenta, sobretudo, um inventário das espécies de formigas presentes em uma área de APP, em processo de regeneração, que poderá servir de parâmetro para avaliações subsequentes.<br/><br/>Palavras-chave: biodiversidade; conservação; Formicidae; recuperação ambiental
520 ## - NOTA DE RESUMO
Nota de conteúdo <br/><br/>ABSTRACT<br/><br/>Permanent preservation areas contribute to the recovery of impacted environments and Formicidae is a potentially bioindicator group, used to describe the structural complexity of habitats. In this context, the study aimed to characterize the diversity of ant assemblages that occur in sites with different soil use history in the APP of Foz do Chapecó HPP reservoir, as well as to evaluate the similarity of ant assemblages according to the sampled sites. Sampling was carried out in January 2017 at five sites, three in Santa Catarina state and two in Rio Grande do Sul state. Pitfall, entomological umbrella, sardine bait, glucose bait and manual collection were used. Assemblies were characterized and compared through richness, abundance, diversity of Shannon-Weaver (H’), Equitability (J’) and estimated richness (Chao 1). A total of 101 species were sampled. The average of the estimates indicated that richness may be 86.7% greater than that sampled, while the diversity parameters indicated differences between the assemblies. Diversity indices showed divergence of 39.7% between the more and less diverse assemblies. The richness observed in this study reiterates the potential of the use of ants as bioindicators of the state of environmental conservation, adds important information on the richness and occurrence of ants for the region and presents, above all, an inventory of the species of ants present in an area of APP in a regeneration process that can serve as parameter for subsequent evaluations.<br/><br/>Keywords: biodiversity; conservation; Formicidae; environmental recovery.
650 ## - ASSUNTO - THESAGRO
Cabeçalho tópico ou nome geográfico BIODIVERSIDADE
650 ## - ASSUNTO - THESAGRO
Cabeçalho tópico ou nome geográfico CONSERVAÇÃO
650 ## - ASSUNTO - THESAGRO
Cabeçalho tópico ou nome geográfico FORMIGA
650 ## - ASSUNTO - THESAGRO
Cabeçalho tópico ou nome geográfico MEIO AMBIENTE
650 ## - ASSUNTO - THESAGRO
Cabeçalho tópico ou nome geográfico PRESERVAÇÃO DA NATUREZA
773 0# - ENTRADA ANALÍTICA
Host Biblionumber 4065
Registro do item 198128
Imprenta Santa Maria-RS Universidade Federal de Santa Maria - Centro de Pesquisas Florestais.Departamento de Ciências Florestais. Programa de Pós-Graduação em Engenharia Florestal 1991
Outro identificador 2023-437009
Título Ciência Florestal (Brazil)
ISSN 0103-9954; 1980-5098 (on-line)
Colação v. 28(4) p. 1741-1754; (Oct-Dec 2018)
Número de controle de registro BR2023001568
856 ## - ACESSO E ENDEREÇO ELETRÔNICO
Identificador uniforme de recurso - URI https://www.scielo.br/j/cflo/a/5qQH6Q9kdvwxs3Lnfcg46fm/?format=pdf&lang=pt

Nenhum exemplar disponível.

BINAGRI

Telefone: (61)3218-2567/2388/3357/2097 - binagri@agro.gov.br

Ministério da Agricultura e Pecuária , Esplanada dos Ministérios, Bloco D, Anexo B, Brasília/DF, CEP: 70.043-900